000 00910nam a2200241 a 4500
001 39147
003 BD-RjUL
005 20211209052928.0
008 160405s1999 b ||||e |||| 000 0 ben d
020 _a9845600808
_cTK.70.00
035 _a(BD-RjUL) 39259
040 _aBD-RjUL
_bben
_cBD-RjUL
041 _aben
082 _223
_bGHS 1999
_a891.44
100 _aঘোষ, মনোমোহন
_9120783
245 1 0 _aসাহিত্য শিল্প /
_cমনোমোহন ঘোষ ; প্রণব চৌধুরী, সম্পাদনা
260 _aঢাকা :
_bজাতীয় গ্রন্থ প্রকাশন,
_c১৯৯৯.
300 _a১১২ পৃ.;
_c২২ সেমি.
650 _aবাংলা সাহিত্য
_9120784
650 _aBengali Literature
_9120785
700 _aচৌধুরী, প্রণব
_9120786
942 _2ddc
_cBK
999 _c39147
_d39147